000 00558nam a2200217Ia 4500
003 OSt
005 20220928135619.0
006 a|||||r|||| 00| 0
007 ta
008 220927b |||||||| |||| 00| 0 eng d
024 _a3802
037 _cTextual
040 _aSDCL
_cSDCL
_beng
041 _2eng
_aeng
082 _aO-,1M571,1, M5
100 _aGissing Geoge
_9492078
245 0 _aWill Warburton
_b A romance of real life
260 _c1985
942 _hO-,1M571,1, M5
_cTEXL
_2CC
999 _c807533
_d807533